Stability problems in applied mechanics (Record no. 2599)

000 -LEADER
fixed length control field 00420nam a22001337a 4500
008 - FIXED-LENGTH DATA ELEMENTS--GENERAL INFORMATION
fixed length control field 200311b ||||| |||| 00| 0 eng d
100 ## - MAIN ENTRY--PERSONAL NAME
9 (RLIN) 2186
Personal name Bhattacharjee, J.K.
245 10 - TITLE STATEMENT
Title Stability problems in applied mechanics
260 ## - PUBLICATION, DISTRIBUTION, ETC. (IMPRINT)
Place of publication, distribution, etc New Delhi,
Name of publisher, distributor, etc Narosha Publishing House:
Date of publication, distribution, etc 2005.
300 ## - PHYSICAL DESCRIPTION
Extent viii,126p.
650 #0 - SUBJECT ADDED ENTRY--TOPICAL TERM
Topical term or geographic name as entry element Applied Mechanics
700 ## - ADDED ENTRY--PERSONAL NAME
9 (RLIN) 2187
Personal name Mallik, A.K.
942 ## - ADDED ENTRY ELEMENTS (KOHA)
Item type Books
Holdings
Withdrawn status Lost status Source of classification or shelving scheme Damaged status Not for loan Permanent location Current location Date acquired Source of acquisition Full call number Barcode Date last seen Cost, replacement price Koha item type
          IMU Kolkata IMU Kolkata 2010-03-12 Jyoti, the Book People 620.1 M254 10895 2020-03-11 195.00 Books
Designed and Maintained by IMU-KC Library, Kolkata Campus © Copyright All Rights Reserved

webs counters

Powered by Koha